000 00931nam a22002417a 4500
999 _c16155
_d16155
003 AR-CdUCM
008 190502b ||||| |||| 00| 0 spa d
040 _aMUNICIPALIDAD PROVINCIAL DEL CUSCO
_cBIBLIOTECA MUNICIPAL DEL CUSCO
082 _a980 /
_bL32
100 _aLazarsfeld, Paul F.
_935440
245 _aLa sociologia y el cambio social /
260 _aBuenos Aires :
_bCentro regional de ayuda tecnica,
_bPaidos,
_c1967.
300 _a251 paginas ;
_bIlustraciones, graficos, dibujos,
_c23 cm.
500 _aSociologia y cambio social
505 _aContenido: Sociologia en la zonas en desarrollo -- sociologia rural -- la sociologia -- los problemas eticos -- la evaluación de los programas...
650 _aSociologia
_9276
650 _aSocial
_92020
650 _aLiteratura
_983
700 _aSewel, William H.
_935441
700 _aWilensky, Harold L.
_935442
942 _2ddc
_cLIBROS
945 _apjha
_d2019-05-02